| 000 | 01608nam a2200301 i 4500 | ||
|---|---|---|---|
| 001 | 000038513 | ||
| 003 | DO-SdBNP | ||
| 005 | 20260319120948.0 | ||
| 007 | ta | ||
| 008 | 130412s2001 dr 001 0 spa d | ||
| 020 | _a999342322X | ||
| 040 |
_aDO-SdBNP _bspa _cBNPHU _erda |
||
| 082 | 4 |
_a323.623 _bR789n _222 |
|
| 100 | 1 |
_aRosario, Juan Manuel, _d1960- _964863 _eautor |
|
| 245 | 1 | 3 |
_aLa naturalización en República Dominicana : _b(procedimiento para adquirir la nacionalidad dominicana) / _cJuan Manuel Rosario. |
| 264 |
_aSanto Domingo : _bAmigo del Hogar, _c2001. |
||
| 300 |
_a203 páginas ; _c21 cm. |
||
| 336 |
_2rdacontent _atexto _btxt |
||
| 337 |
_2rdamedia _asin mediación _bn |
||
| 338 |
_2rdacarrier _avolumen _bnc |
||
| 505 | 0 |
_aPrólogo -- _tLa nacionalidad -- _tLa naturalización en la República Dominicana -- _tAdquisición de la nacionalidad por la mujer extranjera casada con un dominicano -- _tLa naturalización privilegiada -- _tLa nacionalidad dominicana por opción -- _tCuales personas que nacen en el extranjero son dominicanas? -- _tLos requisitos para adquirir la nacionalidad dominicana por opción -- _tLos cónsules en su función de oficiales del estado civil -- _tDe los nacidos en el país, quienes son dominicanos? -- _tRequisitos para un naturalizado solicitar un pasaporte -- _gApéndice -- _gBibliografía. |
|
| 590 | _aInventariado, 2018/BT | ||
| 650 | 4 |
_aNaturalización _zRepública Dominicana _964864 |
|
| 650 | 0 |
_aCiudadanía _96372 |
|
| 650 | 0 |
_aDerechos políticos _zRepública Dominicana _948437 |
|
| 910 | _aValidado. Control de la calidad. EMS | ||
| 942 |
_2ddc _cLBS1 |
||
| 999 |
_c38003 _d38003 |
||